000 00936nam a2200157 a 4500
008 120416s1994 ||||||||||||||||| || u
050 _aTR 287 Pho
245 1 0 _aPhotographic chemistry and processing
246 _aseries editor Sidney F. Ray
260 _aOxford
_bButterworth
_c1994
350 _a0.00
995 _aANNEX COLLECTION (Main Library)
_D0.00
_e731034
_FCBU-MAIN LIBRARY (Kitwe)
_H2
_I8.50
_jTR 287 Pho
_M2
_UAVAILABLE
_y028288
_ZAnnex Low-Usage Collection
995 _aANNEX COLLECTION (Main Library)
_D0.00
_e731035
_FCBU-MAIN LIBRARY (Kitwe)
_H4
_I8.50
_jTR 287 Pho
_M4
_UAVAILABLE
_y028287
_ZAnnex Low-Usage Collection
995 _aANNEX COLLECTION (Main Library)
_D0.00
_e731037
_FCBU-MAIN LIBRARY (Kitwe)
_H3
_I8.50
_jTR 287 Pho
_M3
_UAVAILABLE
_y028286
_ZAnnex Low-Usage Collection
995 _aANNEX COLLECTION (Main Library)
_D0.00
_e731036
_FCBU-MAIN LIBRARY (Kitwe)
_H1
_I8.50
_jTR 287 Pho
_M1
_UAVAILABLE
_y028285
_ZAnnex Low-Usage Collection
999 _c81878
_d81878